01238nam a2200313 a 4500001001100000003000800011006001900019007001500038008004100053010001700094020002800111040002100139035002100160050002600181082002000207245008700227260005200314300002500366504005100391533015200442650003000594650002700624650004000651650003700691655002900728700002500757710001700782856012500799ebr5003772CaPaEBRm u cr cn|||||||||950118s1995 hiua sb 001 0 eng  z 95000882  z0824816811 (alk. paper) aCaPaEBRcCaPaEBR a(OCoLC)22803998514aHQ792.C5bC475 1995eb04a305.23/095122000aChinese views of childhoodh[electronic resource] /cedited by Anne Behnke Kinney. aHonolulu :bUniversity of Hawaii Press,cc1995. axiii, 352 p. :bill. aIncludes bibliographical references and index. aElectronic reproduction.bPalo Alto, Calif. :cebrary,d2013.nAvailable via World Wide Web.nAccess may be limited to ebrary affiliated libraries. 0aChildrenzChinaxHistory. 0aYouthzChinaxHistory. 0aChildrenzChinaxSocial conditions. 0aYouthzChinaxSocial conditions. 7aElectronic books.2local1 aKinney, Anne Behnke.2 aebrary, Inc.40uhttp://site.ebrary.com/lib/rucke/Doc?id=5003772zAn electronic book accessible through the World Wide Web; click to view